| 000 | 01217cam a2200373 a 4500 | ||
|---|---|---|---|
| 001 | 8533 | ||
| 003 | FISKH | ||
| 005 | 20250918104251.0 | ||
| 008 | 050207s2006 nyua j 000 1 eng | ||
| 010 | _a 2005003537 | ||
| 020 | _a0399231323 | ||
| 020 | _a9780399231322 | ||
| 020 | _a9780545038850 | ||
| 035 | _a13863802 | ||
| 040 |
_aDLC _cDLC _dBTCTA _dDLC _beng |
||
| 050 | _aPZ7.K6797 H | ||
| 082 | _a813.6 | ||
| 100 | 1 | _aKline, Suzy. | |
| 245 | 1 | 0 |
_aHerbie Jones and the second grade slippers / _cSuzy Kline ; illustrated by Sami Sweeten. |
| 260 |
_aNew York : _bG.P. Putnam's Sons, _c2006. |
||
| 300 |
_a51 pages : _bcolor illustrations ; _c23 cm |
||
| 505 | _aO | ||
| 520 | _aHerbie, Ray, and their second-grade classmates learn more about treating each other with respect. | ||
| 521 | 8 |
_a600
_bLexile estimate |
|
| 521 | 8 |
_aO
_bRaz-Plus |
|
| 650 | 1 |
_aSelf-esteem _vFiction. |
|
| 650 | 1 |
_aInterpersonal relations _vFiction. |
|
| 650 | 1 |
_aSchools _vFiction. |
|
| 655 | 7 |
_aFiction. _2lcgft _0https://id.loc.gov/authorities/genreForms/gf2014026339 |
|
| 700 | 1 |
_aSweeten, Sami, _eillustrator |
|
| 906 |
_a7 _bcbc _corignew _d1 _eecip _f20 _gy-gencatlg |
||
| 942 |
_2ddc _cBK _n0 |
||
| 999 |
_c8533 _d8533 |
||